[Event "European Hybrid Qual 2021"]
[Site "Tornelo INT"]
[Date "2021.05.24"]
[Round "1.1"]
[White "Zvjaginsev, Vadim"]
[Black "Mehmeti, Dritan"]
[Result "1-0"]
[WhiteTitle "GM"]
[BlackTitle "IM"]
[WhiteElo "2614"]
[BlackElo "2377"]
[WhiteFideId "4113403"]
[BlackFideId "4700600"]
[EventDate "2021.05.24"]
[EventType "k.o."]

1. g3 Nf6 2. Bg2 e6 3. e4 d5 4. e5 Nfd7 5. d4 c5 6. c3 Nc6 7. Ne2 b5 8. O-O a5
9. f4 Nb6 10. Nd2 g6 11. Kh1 h5 12. a3 cxd4 13. cxd4 b4 14. axb4 Bxb4 15. Nf3
Ba6 16. Rf2 Ne7 17. Nh4 Nf5 18. Nxf5 gxf5 19. h4 a4 20. Ng1 Bc4 21. Bd2 Bb3 22.
Qe1 Bxd2 23. Qxd2 Nc4 24. Qd3 Qb6 25. Nf3 Ke7 26. Ng5 Ra5 27. Bh3 Rha8 28. Qf3
Qxd4 29. Qxh5 Rf8 30. Raf1 Ne3 31. Rc1 Bc4 32. Nh7 Rg8 33. Ng5 Rg6 34. Qh7 Rxg5
35. hxg5 Ng4 36. Rfc2 Qe4+ 37. Bg2 Qe3 38. g6 Qxg3 39. Qxf7+ Kd8 40. Qg8+ Ke7
41. Qh7+ 1-0

[Event "European Hybrid Qual 2021"]
[Site "Tornelo INT"]
[Date "2021.05.25"]
[Round "1.2"]
[White "Mehmeti, Dritan"]
[Black "Zvjaginsev, Vadim"]
[Result "0-1"]
[WhiteTitle "IM"]
[BlackTitle "GM"]
[WhiteElo "2377"]
[BlackElo "2614"]
[WhiteFideId "4700600"]
[BlackFideId "4113403"]
[EventDate "2021.05.24"]
[EventType "k.o."]

1. d4 d5 2. Bg5 h6 3. Bh4 c6 4. e3 Qb6 5. b3 e5 6. Nf3 Nd7 7. Bg3 e4 8. Ne5 Ne7
9. Nxd7 Bxd7 10. Bd6 Rd8 11. Qd2 Nf5 12. Bxf8 Rxf8 13. Nc3 Nh4 14. O-O-O Qb4 15.
Kb2 Qd6 16. f4 h5 17. g3 Nf5 18. Be2 Rh8 19. Rhg1 Ne7 20. a3 b6 21. h4 g6 22.
Na4 Kf8 23. c4 dxc4 24. bxc4 Qf6 25. Nc3 Bf5 26. Qc2 Kg7 27. Nxe4 Bxe4 28. Qxe4
Nf5 29. Qe5 Rhe8 30. Qxf6+ Kxf6 31. Bf3 Nxe3 32. Bxc6 Nxd1+ 33. Rxd1 Re3 34. d5
Ke7 35. f5 gxf5 0-1

[Event "European Hybrid Qual 2021"]
[Site "Tornelo INT"]
[Date "2021.05.24"]
[Round "1.1"]
[White "Erdos, Viktor"]
[Black "Ghasi, Ameet K"]
[Result "1-0"]
[WhiteTitle "GM"]
[BlackTitle "IM"]
[WhiteElo "2614"]
[BlackElo "2485"]
[WhiteFideId "719978"]
[BlackFideId "409200"]
[EventDate "2021.05.24"]
[EventType "k.o."]

1. e4 c6 2. Nf3 d5 3. Nc3 dxe4 4. Nxe4 Nf6 5. Qe2 Nxe4 6. Qxe4 Qa5 7. b4 Qd5 8.
Qe3 Nd7 9. c4 Qd6 10. Ba3 e6 11. d4 Be7 12. Be2 O-O 13. O-O a5 14. c5 Qc7 15. b5
cxb5 16. Bxb5 Nf6 17. Ne5 Nd5 18. Qf3 Bf6 19. Rfe1 Rd8 20. Rad1 Bxe5 21. Rxe5
Bd7 22. Bd3 Bc6 23. Qh3 f5 24. Rxe6 Nf4 25. Qxf5 g6 26. Rxc6 bxc6 27. Bc4+ Kg7
28. Qg4 Nd5 29. Bc1 Qd7 30. Qh4 Qf5 31. Bh6+ Kg8 32. h3 Re8 33. Rd3 Re4 34. Qg3
Qe6 35. Kh2 Re8 36. Bf4 Qf5 37. Rf3 Rxd4 38. Be3 Qxf3 39. Qxf3 Rxc4 40. Bh6 Rh4
41. Bd2 a4 42. g4 h6 43. Qg3 g5 44. Qd3 Re6 45. Kg3 Rf6 46. a3 Kf7 47. Qd4 Re6
48. Qxa4 Nf6 49. Kg2 Ne4 50. Be1 Nf6 51. Qb3 Ke7 52. Bd2 Nd5 53. a4 Nc7 54. a5
Kd7 55. a6 Re5 56. a7 1-0

[Event "European Hybrid Qual 2021"]
[Site "Tornelo INT"]
[Date "2021.05.25"]
[Round "1.2"]
[White "Ghasi, Ameet K"]
[Black "Erdos, Viktor"]
[Result "1/2-1/2"]
[WhiteTitle "IM"]
[BlackTitle "GM"]
[WhiteElo "2485"]
[BlackElo "2614"]
[WhiteFideId "409200"]
[BlackFideId "719978"]
[EventDate "2021.05.24"]
[EventType "k.o."]

1. d4 Nf6 2. c4 c6 3. Nf3 d5 4. g3 g6 5. Bg2 Bg7 6. O-O O-O 7. Qb3 Qb6 8. Nc3
Bf5 9. cxd5 Qxb3 10. axb3 Nxd5 11. Ne5 Be6 12. Ne4 Bxe5 13. dxe5 Nd7 14. Ng5
Nxe5 15. Nxe6 fxe6 16. Bh3 Kf7 17. Ra4 Nf6 18. Bf4 Ned7 19. Rd1 a5 20. Rda1 Nc5
21. Rxa5 Rxa5 22. Rxa5 Nxb3 23. Ra7 b5 24. Bd6 Nd5 25. e4 Rd8 26. Ba3 c5 27.
exd5 exd5 28. Rb7 b4 29. Bxb4 cxb4 30. Rxb4 Nc5 31. Rb5 Ne4 32. Bg2 Nf6 33. b4
g5 34. h3 Ke6 35. Bf3 Ra8 36. Kg2 Ra2 37. Rb6+ Ke5 38. Rb7 Kd6 39. Rb8 h5 40. g4
hxg4 41. Bxg4 Ne4 42. Rd8+ Ke5 43. Rf8 Rb2 44. Rf5+ Kd6 45. b5 Rxb5 46. Bf3 e6
47. Rf8 Ke5 48. Rg8 Kf6 49. Bh5 Rb2 50. Rf8+ Ke5 51. Bg6 Nf6 52. Kg3 Ne4+ 53.
Kg2 Rd2 54. Bxe4 Kxe4 55. Rg8 Kf5 56. Rf8+ Kg6 57. Rg8+ Kf5 58. Rf8+ Kg6 59.
Rg8+ Kf5 1/2-1/2

[Event "European Hybrid Qual 2021"]
[Site "Tornelo INT"]
[Date "2021.05.24"]
[Round "1.1"]
[White "Movsesian, Sergei"]
[Black "Ayats Llobera, Gerard"]
[Result "1/2-1/2"]
[WhiteTitle "GM"]
[BlackTitle "IM"]
[WhiteElo "2647"]
[BlackElo "2417"]
[WhiteFideId "310204"]
[BlackFideId "32067607"]
[EventDate "2021.05.24"]
[EventType "k.o."]

1. e4 c5 2. Nf3 e6 3. Nc3 Nc6 4. d4 cxd4 5. Nxd4 Nf6 6. Qd3 Qc7 7. Ndb5 Qb8 8.
Qg3 d6 9. Be3 a6 10. Nd4 Bd7 11. O-O-O b5 12. f3 Nxd4 13. Bxd4 b4 14. Nb1 e5 15.
Be3 Be6 16. Nd2 Qc7 17. Kb1 g6 18. h4 h5 19. Bd3 Bg7 20. f4 Bg4 21. Rde1 O-O 22.
f5 gxf5 23. exf5 d5 24. Bd4 Nd7 25. f6 Bxf6 26. Nf3 Bg7 27. Nh2 f5 28. Nxg4 fxg4
29. b3 Qc6 30. Bb2 e4 31. Bxg7 Kxg7 32. Qe3 Rf5 33. Qd4+ Nf6 34. Be2 Rc8 35. Qd1
a5 36. Rhf1 Rxf1 37. Rxf1 Qc3 38. Qc1 e3 39. Bd3 Re8 40. Rf5 Qd2 41. Rg5+ Kf8
42. Qf1 Re6 43. Re5 Ke7 44. Rxe6+ Kxe6 45. Qf5+ Kf7 46. Qe5 Qxg2 1/2-1/2

[Event "European Hybrid Qual 2021"]
[Site "Tornelo INT"]
[Date "2021.05.25"]
[Round "1.3"]
[White "Ayats Llobera, Gerard"]
[Black "Movsesian, Sergei"]
[Result "1/2-1/2"]
[WhiteTitle "IM"]
[BlackTitle "GM"]
[WhiteElo "2417"]
[BlackElo "2647"]
[WhiteFideId "32067607"]
[BlackFideId "310204"]
[EventDate "2021.05.24"]
[EventType "k.o."]

1. e4 c5 2. Nf3 e6 3. d3 Nc6 4. g3 Nf6 5. Bg2 d5 6. Qe2 Be7 7. O-O h6 8. Re1
dxe4 9. dxe4 e5 10. c3 O-O 11. Na3 Be6 12. Nc4 Qc7 13. a4 Rad8 14. Nh4 Rfe8 15.
Ne3 Bf8 16. Rd1 Na5 17. Nd5 Bxd5 18. exd5 e4 19. Bf4 Qc8 20. Qb5 b6 21. b4 Nb7
22. Qc6 Bd6 23. Bxd6 Nxd6 24. bxc5 bxc5 25. Bf1 e3 26. fxe3 Rxe3 27. Qxc8 Rxc8
28. c4 Rb8 29. Ng2 Reb3 30. Nf4 Ng4 31. Nd3 Ne3 32. Nxc5 Rb2 33. Rdc1 Nxf1 34.
Rxf1 Nxc4 35. Rac1 Ne3 36. Rf3 Nxd5 37. Rcf1 Nf6 38. Re3 Rc2 39. Nd3 Ng4 40. Re7
Nxh2 41. Rf2 Rxf2 42. Nxf2 Nf3+ 43. Kg2 Ng5 44. Rxa7 Rb2 45. Kf1 Ra2 46. a5 Kh7
47. a6 f6 48. Ng4 Ne4 49. Kg1 Kg6 50. Ra8 Nxg3 51. a7 Ne2+ 52. Kh1 Ng3+ 53. Kg1
Nf5 54. Nxf6 Ne7 55. Ng4 Nc6 56. Nxh6 Ra1+ 57. Kg2 Nxa7 58. Ng4 Ra5 59. Ne3 Rg5+
60. Kf3 Nb5 61. Ra6+ Kh5 62. Kf2 Nd4 63. Rd6 Nb5 64. Rd5 Rxd5 65. Nxd5 Kh4 66.
Nf4 g5 67. Ng6+ Kh3 68. Ne5 Nd4 69. Ke3 Nf5+ 70. Ke4 Nh6 71. Kf3 g4+ 72. Nxg4
Nxg4 1/2-1/2

[Event "European Hybrid Qual 2021"]
[Site "Tornelo INT"]
[Date "2021.05.25"]
[Round "1.4"]
[White "Movsesian, Sergei"]
[Black "Ayats Llobera, Gerard"]
[Result "1-0"]
[WhiteTitle "GM"]
[BlackTitle "IM"]
[WhiteElo "2647"]
[BlackElo "2417"]
[WhiteFideId "310204"]
[BlackFideId "32067607"]
[EventDate "2021.05.24"]
[EventType "k.o."]

1. e4 c5 2. Nf3 e6 3. g3 Nc6 4. Bg2 Qc7 5. O-O a6 6. d4 cxd4 7. Nxd4 Nf6 8. c4
Be7 9. Nc3 d6 10. Nxc6 bxc6 11. Na4 O-O 12. c5 dxc5 13. Qc2 Nd7 14. Be3 a5 15.
Nxc5 Nxc5 16. Bxc5 Ba6 17. Rfd1 Rac8 18. e5 Rfd8 19. Rxd8+ Qxd8 20. Rd1 Qc7 21.
Bd6 Bxd6 22. exd6 Qd7 23. Qc5 Bb5 24. a4 Bxa4 25. Ra1 Bb5 26. Rxa5 Rd8 27. Ra7
Qc8 28. Rc7 Qa8 29. Qxb5 Rxd6 30. Bxc6 Qa1+ 31. Kg2 Rd8 32. Rd7 Rf8 33. h4 h6
34. Bf3 Qa2 35. b4 Rc8 36. Qb6 g6 37. Rd8+ Rxd8 38. Qxd8+ Kg7 39. Qd4+ Kh7 40.
b5 Qb3 41. b6 e5 42. Qe3 1-0

[Event "European Hybrid Qual 2021"]
[Site "Tornelo INT"]
[Date "2021.05.24"]
[Round "1.1"]
[White "Hillarp Persson, Tiger"]
[Black "Tomazini, Zan"]
[Result "1-0"]
[WhiteTitle "GM"]
[BlackTitle "IM"]
[WhiteElo "2538"]
[BlackElo "2406"]
[WhiteFideId "1700812"]
[BlackFideId "14608162"]
[EventDate "2021.05.24"]
[EventType "k.o."]

1. d4 Nf6 2. c4 e6 3. Nc3 Bb4 4. e3 c5 5. a3 Bxc3+ 6. bxc3 d6 7. Bd3 Nc6 8. Ne2
b6 9. e4 Bb7 10. O-O Qc7 11. Bg5 Na5 12. Ng3 Ng8 13. d5 f6 14. Bd2 e5 15. f4
O-O-O 16. fxe5 dxe5 17. Nf5 Kb8 18. Qg4 Rd7 19. Rab1 Ba6 20. Qe2 Rf7 21. Kh1 Bc8
22. Nd4 cxd4 23. cxd4 Nb7 24. c5 Nh6 25. cxb6 axb6 26. Rfc1 Qd6 27. Rc6 Qxa3 28.
Rcxb6 Ng4 29. Bb4 Qa7 30. Bc5 exd4 31. Rxb7+ Rxb7 32. Bxa7+ Kxa7 33. Ra1+ Kb8
34. Qa2 Kc7 35. Ba6 Rb6 36. Bxc8 Rxc8 37. Qa7+ Rb7 38. d6+ Kc6 39. Qa6+ Rb6 40.
Qxc8+ 1-0

[Event "European Hybrid Qual 2021"]
[Site "Tornelo INT"]
[Date "2021.05.25"]
[Round "1.2"]
[White "Tomazini, Zan"]
[Black "Hillarp Persson, Tiger"]
[Result "1/2-1/2"]
[WhiteTitle "IM"]
[BlackTitle "GM"]
[WhiteElo "2406"]
[BlackElo "2538"]
[WhiteFideId "14608162"]
[BlackFideId "1700812"]
[EventDate "2021.05.24"]
[EventType "k.o."]

1. e4 c5 2. c3 Nf6 3. e5 Nd5 4. d4 cxd4 5. cxd4 e6 6. Nf3 d6 7. Bc4 Nc6 8. O-O
Be7 9. Qe2 O-O 10. Nc3 Nxc3 11. bxc3 dxe5 12. dxe5 Qc7 13. Qe4 b6 14. Bd3 g6 15.
Qf4 Bb7 16. Be4 f5 17. exf6 Qxf4 18. Bxf4 Bxf6 19. Rac1 Na5 20. Rfe1 Rac8 21.
Bxb7 Nxb7 22. Rxe6 Nc5 23. Re3 Bxc3 24. Bd6 Rfd8 25. Be7 Rd7 26. h4 Bg7 27. Rc4
Bf8 28. Bf6 Rd1+ 29. Kh2 Bd6+ 30. Be5 Rf8 31. Rg4 Bxe5+ 32. Rxe5 Rd7 33. Kg3 Rg7
34. a4 Nd7 35. Re6 Nf6 36. Rc4 Nh5+ 37. Kh2 Nf4 38. Ree4 Nd3 39. Kg3 Nc5 40.
Red4 Re7 41. Ng5 Rfe8 42. f3 Ne6 43. Nxe6 Rxe6 44. Rd7 R6e7 45. Rcc7 Rxd7 46.
Rxd7 a5 47. Rb7 Re2 48. Rxb6 Ra2 49. Kf4 Rxa4+ 50. Kg5 Rb4 51. Ra6 Rb5+ 52. Kg4
h5+ 53. Kf4 Kg7 54. g3 Rc5 55. Ke4 Rb5 56. Kd4 Rf5 57. Ke4 Rb5 58. Kf4 Rc5 59.
g4 hxg4 60. fxg4 Rc4+ 61. Kg3 Rc3+ 62. Kf4 Rc4+ 63. Kg3 Rc3+ 64. Kf4 Rc4+ 1/2-1/2

[Event "European Hybrid Qual 2021"]
[Site "Tornelo INT"]
[Date "2021.05.24"]
[Round "1.1"]
[White "Svane, Rasmus"]
[Black "Buksa, Nataliya"]
[Result "1-0"]
[WhiteTitle "GM"]
[BlackTitle "IM"]
[WhiteElo "2615"]
[BlackElo "2414"]
[WhiteFideId "4657101"]
[BlackFideId "14123622"]
[EventDate "2021.05.24"]
[EventType "k.o."]

1. c4 e6 2. g3 d5 3. Bg2 Nf6 4. Nf3 Be7 5. O-O O-O 6. d4 dxc4 7. Qc2 b6 8. Ne5
Qxd4 9. Bxa8 Qxe5 10. Bf3 Nd5 11. Qxc4 Ba6 12. Qa4 c5 13. Na3 c4 14. Nb5 Nb4 15.
Nc3 b5 16. Qa5 g5 17. Be3 Nc2 18. Bxa7 Nxa1 19. Rxa1 g4 20. Bg2 Qd6 21. Rd1 Qb4
22. Qc7 Rc8 23. Qf4 Qxb2 24. Bd4 Nd7 25. Nd5 Qa3 26. Qh6 f6 27. Be4 Nf8 28.
Nxf6+ Kf7 29. Qh5+ Kg7 30. Qg5+ Ng6 31. Nxh7+ Kxh7 32. Qxg6# 1-0

[Event "European Hybrid Qual 2021"]
[Site "Tornelo INT"]
[Date "2021.05.25"]
[Round "1.2"]
[White "Buksa, Nataliya"]
[Black "Svane, Rasmus"]
[Result "1/2-1/2"]
[WhiteTitle "IM"]
[BlackTitle "GM"]
[WhiteElo "2414"]
[BlackElo "2615"]
[WhiteFideId "14123622"]
[BlackFideId "4657101"]
[EventDate "2021.05.24"]
[EventType "k.o."]

1. e4 e5 2. Nf3 Nc6 3. Bb5 Nf6 4. d3 Bc5 5. Bxc6 dxc6 6. Nbd2 Nd7 7. Nc4 f6 8.
Qe2 Nb6 9. Ne3 Be6 10. a4 a5 11. h3 Qe7 12. g4 h5 13. g5 fxg5 14. Nf5 Qf8 15.
Rg1 g6 16. Nxe5 Rg8 17. d4 Bb4+ 18. c3 gxf5 19. Qxh5+ Bf7 20. Nxf7 Qxf7 21.
Qxf7+ Kxf7 22. cxb4 axb4 23. Rxg5 Rxg5 24. Bxg5 fxe4 25. b3 Nd5 26. Ke2 Ke6 27.
Bd2 Rh8 28. Rh1 Kf5 29. h4 Rh5 30. Bg5 Rh8 31. a5 Ra8 32. Ra1 Kg4 33. Rg1+ Kh5
34. Ra1 Kg4 35. Rg1+ Kh5 36. f3 exf3+ 37. Kxf3 Rxa5 38. Bc1 Ra1 39. Ke4 Rb1 40.
Rf1 1/2-1/2

[Event "European Hybrid Qual 2021"]
[Site "Tornelo INT"]
[Date "2021.05.24"]
[Round "1.1"]
[White "Balog, Imre"]
[Black "Musovic, Armin"]
[Result "1-0"]
[WhiteTitle "GM"]
[BlackTitle "FM"]
[WhiteElo "2578"]
[BlackElo "2258"]
[WhiteFideId "728446"]
[BlackFideId "939935"]
[EventDate "2021.05.24"]
[EventType "k.o."]

1. e4 c6 2. d4 d5 3. f3 e6 4. Nc3 Nf6 5. e5 Ng8 6. f4 c5 7. Nf3 Nc6 8. Be3 cxd4
9. Nxd4 Bb4 10. Bd3 Nge7 11. O-O Nxd4 12. Bxd4 Nc6 13. Bf2 Qa5 14. Qg4 g6 15.
Bh4 Be7 16. Nb5 h5 17. Qg3 Qb6+ 18. Kh1 Qd8 19. Nd6+ Kf8 20. Bg5 h4 21. Qg4 Nd4
22. c4 dxc4 23. Nxf7 Kxf7 24. Bxg6+ Kg7 25. Rad1 Bxg5 26. fxg5 Kxg6 27. Rxd4 Qe7
28. Rf6+ Kg7 29. g6 Rf8 30. Qxh4 Rh8 31. Qg5 Rf8 32. Rh4 Bd7 1-0

[Event "European Hybrid Qual 2021"]
[Site "Tornelo INT"]
[Date "2021.05.25"]
[Round "1.2"]
[White "Musovic, Armin"]
[Black "Balog, Imre"]
[Result "1/2-1/2"]
[WhiteTitle "FM"]
[BlackTitle "GM"]
[WhiteElo "2258"]
[BlackElo "2578"]
[WhiteFideId "939935"]
[BlackFideId "728446"]
[EventDate "2021.05.24"]
[EventType "k.o."]

1. a3 e5 2. Nc3 f5 3. d4 e4 4. Nh3 d5 5. Bf4 c6 6. e3 Nf6 7. Be2 Be7 8. Ng5 Ng4
9. Nh3 g5 10. Bg3 h5 11. Be5 O-O 12. Qd2 Nd7 13. f4 exf3 14. gxf3 Ngxe5 15. dxe5
g4 16. O-O-O gxh3 17. f4 Qe8 18. Rdg1+ Kh7 19. Qd1 Kh6 20. Rg3 h4 21. Qf1 hxg3
22. Qxh3+ Kg7 23. Bh5 Qd8 24. Qxg3+ Bg5 25. Rg1 Nxe5 26. fxe5 f4 27. exf4 Rxf4
28. Qxg5+ Qxg5 29. Rxg5+ Kh6 30. Rg8 Kxh5 31. e6 Rf1+ 32. Kd2 Rf2+ 33. Kd1 Rf6
34. Ne2 Bxe6 35. Rxa8 Bg4 36. h3 Bxh3 37. Rh8+ Kg4 38. Ng1 Bf1 39. Rg8+ Kf4 40.
Ke1 Ba6 41. Nh3+ Ke5 42. Nf2 Kd6 43. Rd8+ Kc5 44. Re8 Bb5 45. Re7 Kb6 46. Nd1 d4
47. Nf2 Rf3 48. Re6 a5 1/2-1/2

[Event "European Hybrid Qual 2021"]
[Site "Tornelo INT"]
[Date "2021.05.24"]
[Round "1.1"]
[White "Paravyan, David"]
[Black "Gines Esteo, Pedro Antonio"]
[Result "1-0"]
[WhiteTitle "GM"]
[BlackTitle "IM"]
[WhiteElo "2647"]
[BlackElo "2470"]
[WhiteFideId "4194985"]
[BlackFideId "32080190"]
[EventDate "2021.05.24"]
[EventType "k.o."]

1. e4 e5 2. Nf3 Nc6 3. Bc4 Nf6 4. d3 Bc5 5. Nc3 h6 6. h3 a6 7. Be3 Bxe3 8. fxe3
d6 9. a4 Ne7 10. d4 exd4 11. exd4 d5 12. Bd3 dxe4 13. Nxe4 Nfd5 14. Qd2 a5 15.
O-O O-O 16. Ne5 b6 17. Rf3 Be6 18. c4 Nb4 19. Nf6+ Kh8 20. Be4 c6 21. Nh7 Qd6
22. Nxf8 Rxf8 23. Raf1 Kg8 24. b3 c5 25. d5 Qxe5 26. dxe6 Qxe6 27. Re1 Ng6 28.
Bxg6 Qxg6 29. Qd7 Kh7 30. Qe7 Kg8 31. Rfe3 Qc6 32. Rd1 Qc8 33. Rg3 Nc6 34. Qf6
g6 35. Rd6 Qc7 36. Qf4 1-0

[Event "European Hybrid Qual 2021"]
[Site "Tornelo INT"]
[Date "2021.05.25"]
[Round "1.2"]
[White "Gines Esteo, Pedro Antonio"]
[Black "Paravyan, David"]
[Result "1/2-1/2"]
[WhiteTitle "IM"]
[BlackTitle "GM"]
[WhiteElo "2470"]
[BlackElo "2647"]
[WhiteFideId "32080190"]
[BlackFideId "4194985"]
[EventDate "2021.05.24"]
[EventType "k.o."]

1. Nf3 Nf6 2. c4 c5 3. Nc3 e6 4. d4 cxd4 5. Nxd4 d5 6. Bf4 Nbd7 7. Qa4 Bc5 8.
cxd5 O-O 9. Qc4 Nxd5 10. Nxd5 exd5 11. Qxd5 Qb6 12. O-O-O Nf6 13. Qc4 Ne4 14.
Be3 Be6 1/2-1/2

[Event "European Hybrid Qual 2021"]
[Site "Tornelo INT"]
[Date "2021.05.24"]
[Round "1.1"]
[White "Gabuzyan, Hovhannes"]
[Black "Sonis, Francesco"]
[Result "1-0"]
[WhiteTitle "GM"]
[BlackTitle "IM"]
[WhiteElo "2590"]
[BlackElo "2491"]
[WhiteFideId "13303732"]
[BlackFideId "895733"]
[EventDate "2021.05.24"]
[EventType "k.o."]

1. a3 d5 2. Nf3 g6 3. c4 c6 4. cxd5 cxd5 5. d4 Nc6 6. Bf4 Bg7 7. Nc3 Nf6 8. e3
O-O 9. h3 Ne4 10. Rc1 Bf5 11. Bb5 Qb6 12. Qe2 Nxc3 13. Rxc3 Rac8 14. O-O a6 15.
Bd3 Bxd3 16. Qxd3 Na5 17. Rfc1 Rxc3 18. Qxc3 Nc4 19. Nd2 Qe6 20. Nxc4 Rc8 21. b3
b5 22. Qa5 Bf8 23. Bc7 Qc6 24. Bb6 bxc4 25. bxc4 dxc4 26. Bc5 Qb5 27. Qb4 e5 28.
Rxc4 exd4 29. exd4 Qc6 30. Rc3 Qe4 31. Re3 Qf4 32. Bxf8 Rxf8 33. Qc5 Rd8 34. g3
Qf6 35. h4 h5 36. d5 Qf5 37. Qd4 Rb8 38. d6 Qd7 39. Kh2 Rb1 40. a4 a5 41. Qd5
Qb7 42. Re8+ Kh7 43. Qxb7 Rxb7 44. Re7 Rb6 45. Rxf7+ Kh6 46. d7 Rd6 47. f4 1-0

[Event "European Hybrid Qual 2021"]
[Site "Tornelo INT"]
[Date "2021.05.25"]
[Round "1.2"]
[White "Sonis, Francesco"]
[Black "Gabuzyan, Hovhannes"]
[Result "1-0"]
[WhiteTitle "IM"]
[BlackTitle "GM"]
[WhiteElo "2491"]
[BlackElo "2590"]
[WhiteFideId "895733"]
[BlackFideId "13303732"]
[EventDate "2021.05.24"]
[EventType "k.o."]

1. d4 Nf6 2. c4 c5 3. d5 a6 4. Nc3 b5 5. a3 g6 6. e4 b4 7. Na4 d6 8. e5 dxe5 9.
axb4 cxb4 10. Be3 Bg7 11. Nb6 Ng4 12. Nxa8 Nxe3 13. fxe3 O-O 14. c5 e6 15. Nb6
Bb7 16. Bc4 Qc7 17. Na4 Qd8 18. Nb6 Qc7 19. Ra5 exd5 20. Bxd5 Rd8 21. e4 Nc6 22.
Ra1 Nd4 23. Rc1 Bh6 24. Rc4 Bf8 25. Nf3 Bxc5 26. Bxb7 Qxb7 27. Nd5 Rxd5 28. exd5
Qxd5 29. Rxd4 exd4 30. O-O d3+ 31. Kh1 a5 32. Qd2 a4 33. Rd1 Qb3 34. Ne5 a3 35.
bxa3 bxa3 36. Qxd3 Qxd3 37. Nxd3 Bd4 38. Rd2 1-0

[Event "European Hybrid Qual 2021"]
[Site "Tornelo INT"]
[Date "2021.05.25"]
[Round "1.3"]
[White "Sonis, Francesco"]
[Black "Gabuzyan, Hovhannes"]
[Result "0-1"]
[WhiteTitle "IM"]
[BlackTitle "GM"]
[WhiteElo "2491"]
[BlackElo "2590"]
[WhiteFideId "895733"]
[BlackFideId "13303732"]
[EventDate "2021.05.24"]
[EventType "k.o."]

1. d4 Nf6 2. c4 d6 3. Nf3 Nbd7 4. Nc3 e5 5. Bg5 Be7 6. e3 O-O 7. Be2 h6 8. Bh4
exd4 9. Nxd4 Re8 10. O-O Ne5 11. Rc1 c6 12. Bg3 Bf8 13. Qb3 Qe7 14. Rfd1 g6 15.
Nf3 Nh5 16. Ne4 Nxg3 17. hxg3 Rd8 18. Qc3 Bf5 19. Ned2 Bg7 20. Qa3 Ng4 21. Nf1
h5 22. Rd2 Nf6 23. Nd4 Bg4 24. Bf3 Nd7 25. Bxg4 hxg4 26. b3 Nc5 27. Rcd1 Be5 28.
f3 gxf3 29. gxf3 Kg7 30. Rh2 Rh8 31. Qb2 Rxh2 32. Qxh2 Rh8 33. Qd2 Qg5 34. Qg2
a5 35. f4 Qg4 36. Qf3 Qxf3 37. Nxf3 Bc3 38. Rxd6 a4 39. Nd4 a3 40. Nc2 Bb2 41.
Nd2 Bc1 42. Nf3 Re8 43. Ne5 Bb2 44. Nd3 Ne4 45. Rd7 Nc3 46. Ne5 Nxa2 47. Rxf7+
Kg8 48. Rxb7 Nc1 49. Ra7 a2 50. Nxc6 g5 51. fxg5 Re6 52. N6b4 a1=Q 53. Nxa1 Rxe3
54. Kg2 Be5 55. Nd5 Rxg3+ 56. Kf1 Bd4 57. Nf6+ Kf8 58. Ra8+ Kf7 59. Ne4 Rg1# 0-1

[Event "European Hybrid Qual 2021"]
[Site "Tornelo INT"]
[Date "2021.05.25"]
[Round "1.4"]
[White "Gabuzyan, Hovhannes"]
[Black "Sonis, Francesco"]
[Result "1/2-1/2"]
[WhiteTitle "GM"]
[BlackTitle "IM"]
[WhiteElo "2590"]
[BlackElo "2491"]
[WhiteFideId "13303732"]
[BlackFideId "895733"]
[EventDate "2021.05.24"]
[EventType "k.o."]

1. Nf3 Nf6 2. g3 c5 3. Bg2 Nc6 4. c4 g6 5. O-O Bg7 6. Nc3 O-O 7. d4 cxd4 8. Nxd4
Qa5 9. Nb3 Qh5 10. c5 b6 11. cxb6 axb6 12. e4 Ba6 13. Qxh5 Nxh5 14. Rd1 Bc4 15.
Nd2 Bd3 16. Nf3 Nb4 17. Ne1 Bc4 18. e5 Bxe5 19. Bxa8 Rxa8 20. Rxd7 Bd6 21. Be3
Nf6 22. Rb7 Nbd5 23. Nxd5 Nxd5 24. Rd1 Nxe3 25. fxe3 Bc5 26. a3 Bxe3+ 27. Kg2 e6
28. Nc2 Bc5 29. b4 Bf8 30. Rxb6 Rc8 31. Ne3 Bb3 32. Rd3 Ba4 33. g4 Bh6 34. h4
Bf4 35. g5 h6 36. gxh6 Bxh6 37. b5 Rc5 38. Rb8+ Kg7 39. b6 Bf4 40. Rbd8 Bc6+ 41.
Kf2 Rb5 42. R8d4 Rb2+ 43. Rd2 Bxe3+ 44. Kxe3 Rxb6 45. Rd6 Kf6 46. Rc2 Rb3+ 47.
Rd3 Rb6 48. Rd6 Rb3+ 49. Rd3 Rxd3+ 50. Kxd3 Bb5+ 51. Ke4 Ke7 52. Rc7+ Bd7 53. a4
Kd6 54. Ra7 e5 55. Rxd7+ Kxd7 56. Kxe5 f5 57. h5 gxh5 58. Kxf5 Kc6 59. Kg5 Kb6
60. Kh4 Ka5 61. Kxh5 Kxa4 1/2-1/2

[Event "European Hybrid Qual 2021"]
[Site "Tornelo INT"]
[Date "2021.05.24"]
[Round "1.1"]
[White "Piorun, Kacper"]
[Black "Lauda, Alexandr"]
[Result "1-0"]
[WhiteTitle "GM"]
[WhiteElo "2615"]
[BlackElo "1845"]
[WhiteFideId "1130420"]
[BlackFideId "13903179"]
[EventDate "2021.05.24"]
[EventType "k.o."]

1. Nf3 Nf6 2. g3 b5 3. Bg2 Bb7 4. O-O e6 5. d3 c5 6. e4 d6 7. Ng5 h6 8. Nh3 g5
9. f4 g4 10. Nf2 h5 11. a4 b4 12. a5 a6 13. c3 Nc6 14. Nd2 Qc7 15. Nc4 Nd7 16.
d4 cxd4 17. cxd4 Na7 18. Qd3 Nb5 19. Be3 d5 20. exd5 Bxd5 21. Bxd5 exd5 22. Ne5
Nxe5 23. dxe5 Qb7 24. Rac1 Rd8 25. Bb6 Rd7 26. e6 Re7 27. exf7+ Kxf7 28. Qf5+
Kg8 29. Rfd1 Rf7 30. Qg5+ Bg7 31. Rxd5 Rh6 32. Rd8+ Rf8 33. Rcd1 Rxd8 34. Rxd8+
Kf7 35. Qf5+ Ke7 36. Rg8 Bf6 37. Bc5+ Kf7 38. Rf8+ Kg7 39. Qe6 Rg6 40. f5 Nd4
41. Qg8+ Kh6 42. Qxg6# 1-0

[Event "European Hybrid Qual 2021"]
[Site "Tornelo INT"]
[Date "2021.05.25"]
[Round "1.2"]
[White "Lauda, Alexandr"]
[Black "Piorun, Kacper"]
[Result "1/2-1/2"]
[BlackTitle "GM"]
[WhiteElo "1845"]
[BlackElo "2615"]
[WhiteFideId "13903179"]
[BlackFideId "1130420"]
[EventDate "2021.05.24"]
[EventType "k.o."]

1. e4 e6 2. d4 d5 3. Nc3 Bb4 4. e5 Qd7 5. Bd2 b6 6. a4 Ne7 7. Nf3 Nbc6 8. Bb5 a6
9. Bd3 Bb7 10. O-O Ng6 11. Ne2 Be7 12. c3 Na5 13. Ne1 Nh4 14. Ng3 g6 15. Ra2 c5
16. dxc5 bxc5 17. b4 Nc4 18. Qe2 Nxd2 19. Qxd2 Qc7 20. bxc5 Bxc5 21. Qh6 Be7 22.
Qg7 Kd7 23. Rb2 h5 24. Qxf7 Raf8 25. Qg7 Rfg8 26. Qf7 Rf8 27. Qg7 Rfg8 28. Qf7
Rf8 1/2-1/2